000
00247nam a2200097Ia 4500
001
1000671
005
20250826230356.0
008
250824s9999 xx 000 0 und d
245
0
_a
KENDİNİ BULMAK
_c
İHSAN FAZLIOĞLI
260
_b
KETEBE YAYINLARI
999
_c
1000671
_d
1000671